|
|
|
|
| LEADER |
01651nam a2200361 a 4500 |
| 001 |
7596 |
| 003 |
BD-DhAAL |
| 008 |
100422s1996 iluab b 001 0 eng d |
| 010 |
|
|
|a \\\95022442
|
| 020 |
|
|
|a 0256195625
|
| 020 |
|
|
|a 0256140545
|
| 020 |
|
|
|a 0256190747 (annotated instructor's ed.)
|
| 040 |
|
|
|a DLC
|c DLC
|d DLC
|d BD-DhAAL
|
| 082 |
0 |
0 |
|a 650
|2 20
|
| 100 |
1 |
|
|a Nickels, William G.
|
| 245 |
1 |
0 |
|a Understanding business /
|c William G. Nickels, James M. McHugh, Susan M. McHugh.
|
| 250 |
|
|
|a 4th ed.
|
| 260 |
|
|
|a Chicago :
|b Irwin,
|c c1996.
|
| 300 |
|
|
|a 1 v. (various pagings) :
|b ill. (some col.), col. map ;
|c 28 cm.
|
| 504 |
|
|
|a Includes bibliographical references and indexes.
|
| 541 |
1 |
|
|e 00007596
|
| 650 |
|
0 |
|a Industrial management.
|
| 650 |
|
0 |
|a Business.
|
| 650 |
|
0 |
|a Business
|x Vocational guidance.
|
| 700 |
1 |
|
|a McHugh, James M.
|
| 700 |
1 |
|
|a McHugh, Susan M.
|
| 852 |
4 |
|
|a Ayesha Abed Library
|j General Shelf
|
| 942 |
|
|
|2 ddc
|c BK
|
| 999 |
|
|
|c 8209
|d 8209
|
| 952 |
|
|
|0 0
|1 4
|2 ddc
|4 0
|6 650_000000000000000_NIC
|7 0
|9 9390
|a BRACUL
|b BRACUL
|c GEN
|d 2010-04-22
|l 21
|m 62
|o 650 NIC
|p 3010007596
|r 2015-06-08
|s 2015-05-11
|t 1
|w 2010-04-22
|y BK
|x Koha Inventory 2020
|
| 952 |
|
|
|0 0
|1 0
|2 ddc
|4 0
|6 650_000000000000000_NIC
|7 0
|9 43223
|a SCL
|b SCL
|c GEN
|d 2000-12-12
|l 1
|m 3
|o 650 NIC
|p 3020003010
|r 2023-10-31
|s 2023-10-11
|t 2
|w 2014-07-16
|y BK
|
| 952 |
|
|
|0 0
|1 0
|2 ddc
|4 0
|6 650_000000000000000_NIC
|7 0
|9 43224
|a SCL
|b SCL
|c GEN
|d 2000-12-12
|l 0
|o 650 NIC
|p 3020003011
|r 2014-07-16
|t 3
|w 2014-07-16
|y BK
|
| 952 |
|
|
|0 0
|1 0
|2 ddc
|4 0
|6 650_000000000000000_NIC
|7 0
|9 54344
|a SCL
|b SCL
|c GEN
|d 2015-06-15
|e Gift: The Asia Foundation
|l 2
|m 4
|o 650 NIC
|p 3020003015
|r 2020-03-01
|s 2020-02-24
|t 4
|w 2015-06-15
|y BK
|